| 000 | 00567nam a22001937a 4500 | ||
|---|---|---|---|
| 003 | OSt | ||
| 005 | 20260422062454.0 | ||
| 008 | 260422b |||||||| |||| 00| 0 eng d | ||
| 020 | _a 0-314-62399-x | ||
| 040 |
_aDWC-Admin lib _cOC |
||
| 082 | _aCirc. 301 B853 1988 | ||
| 100 | _aBrinkerhoff, David B. | ||
| 245 |
_aSociology/ _cDavid B. Brinkerhoff |
||
| 260 |
_aUSA : _b Wet pub., com., _cc1988. |
||
| 300 |
_axxix 652 p. : _bill. ; _c 26 cm. |
||
| 504 | _aincludes references and index | ||
| 700 | _aWhite, Lyn K. | ||
| 942 |
_2ddc _cBK-CIRC _e2nd ed. _hCirc. _n0 |
||
| 999 |
_c9698 _d9698 |
||